Kraje Świata które zaczynają się na A (Mapa) - Statystyki

Ogólne statystyki
  • Ten quiz został rozwiązany 75 razy
    66 od ostatniego zresetowania
  • Średni wynik to 9 z 12
Odpowiedzi na mapie
Odpowiedzi zakodowano w zielono-czerwonej skali na mapie do tego quizu, zgodnie z poniższymi procentami.
 
Statystyki odpowiedzi
Odpowiedź % Poprawnych
Australia
93%
Andora
89%
Austria
89%
Albania
81%
Armenia
80%
Afganistan
76%
Algieria
76%
Angola
74%
Argentyna
74%
Antigua i Barbuda
72%
Arabia Saudyjska
72%
Azerbejdżan
63%
Nie znaleziono quizów pasujących do podanych kryteriów
Rozkład punktacji
Procent ludzi z każdym wynikiem
Percentyl według liczby udzielonych odpowiedzi
Twoja historia wyników
Nie rozwiązałeś tego quizu od ostatniego zresetowania